00620nam a22001937a 4500999001900000005001700019010001500036020002700051035001400078037001300092082001400105100001900119245005400138250001300192260002900205270014300234300002000377942002900397 c181456d18145620210914170831.0 aENG-129917 a9789386515834c3099.00 aEN-113449 bDBAD/PUB a346.54066 aChandratre,K R aCompany Secretarial Practice Manual:cby K Kannan a12th ed. bLexis NexisaIndiac2019 bGurgaone122002a14th Floor , Building No 10, Tower-B, DLF Cyber City, phase -llk+91 124 4774444l+91 124 4774100mhelp.in@lexisnexis.com av.p.c25cm(hbk) 2ddccENh346.54066m CHA